000 00985nam a2200289 i 4500
003 DO-SdBNP
005 20260330140145.0
007 ta
008 260304b1995 sp ||||| |||| 00| 0 spa d
020 _a9780452286863
040 _aDO-SdBNP
_bspa
_cBNPHU
_erda
041 _aspa
082 4 _a0
_bA473en
_222
100 1 _aÁlvarez, Julia,
_d1950-
_4aut.
_95624
_eautor
240 1 3 _aIn the Time of the Butterflies.
_lEspañol
245 1 3 _aEn el tiempo de las mariposas /
_cJulia Álvarez ; traducción, Rolando Costa Picazo ; revisión y traducción, Antonio Alfau.
264 _aBuenos Aires :
_bEditorial Atlántida,
_c1995.
300 _a351 páginas ;
_c22 cm.
336 _atexto
_btxt
_2rdacontent
337 _asin mediación
_bn
_2rdamedia
338 _avolumen
_bnc
_2rdacarrier
590 _aInventariado, 2026 /LP
700 1 _aCosta Picazo, Rolando,
_etraductor
_4trad.
_927380
700 1 _aAlfau, Antonio
_etradutor
_4trad.
_989155
910 _aLP
942 _2ddc
_cLBS1
999 _c60426
_d60426